|
|
|
|
| LEADER |
00000nab#a22000007a#4500 |
| 001 |
arbauad018687 |
| 003 |
AR-BaUAD |
| 005 |
20250711111640.0 |
| 008 |
960412|||||||||###||||||b###|0###a|spa|| |
| 040 |
|
|
|a AR-BaUAD
|c AR-BaUAD
|b spa
|
| 100 |
|
|
|a Arrese, Alvaro
|
| 245 |
|
|
|a La composición arquitectónica (segunda parte) /
|c Alvaro Arrese;
|
| 300 |
0 |
|
|b fot., il., plantas
|
| 653 |
|
|
|a COMPOSICION ARQUITECTONICA
|
| 773 |
0 |
|
|t Revista SCA
|g no. 161 [nov.-dic. 1992], p. 64-73
|
| 942 |
|
|
|c ARTI
|
| 952 |
|
|
|0 0
|1 0
|4 0
|7 0
|9 63607
|a AR-BAuAD
|b AR-BAuAD
|d 2025-07-11
|l 0
|p AAQA018687
|r 2025-07-11 11:16:40
|w 2025-07-11
|y ARTI
|
| 990 |
|
|
|a AQ199
|b TD
|
| 998 |
|
|
|a AAQ
|b BIBUN76
|
| 999 |
|
|
|c 43280
|d 43280
|